[Event "Rheinhessen-ch H1 op"]
[Site "Mainz"]
[Date "1997.??.??"]
[Round "4"]
[White "Lippert, Cornelius"]
[Black "Schuster, Andreas"]
[Result "1-0"]
[WhiteElo "1658"]
[BlackElo "1846"]
[PlyCount "81"]
[EventDate "1997.03.21"]
[EventType "swiss"]
[EventRounds "7"]
[EventCountry "GER"]
[SourceTitle "EXT 2000"]
[Source "ChessBase"]
[SourceDate "1999.11.16"]
[SourceVersion "1"]
[SourceVersionDate "1999.11.16"]
[SourceQuality "1"]

1. d4 g6 2. c4 Bg7 3. Nc3 Nf6 4. e4 d6 5. Be2 0-0 6. Be3 c6 7. f3 h6 8. Qd2 Kh7 9. 0-0-0 a6 10. h4 b5 11. g4 Rh8 12. Nh3 bxc4 13. Bxc4 d5 14. Bd3 dxe4 15. Nxe4 Nd5 16. Bc4 Be6 17. Nf4 Nxf4 18. Bxe6 Nxe6 19. h5 g5 20. Qc2 Kg8 21. Rd3 Qd5 22. b3 Nd7 23. Rhd1 a5 24. Rc3 a4 25. bxa4 Rxa4 26. Qxa4 f5 27. gxf5 Qxf5 28. Qxc6 Nf4 29. Qc4+ Nd5 30. Rb3 e6 31. Qc8+ Nf8 32. Bg1 g4 33. Nc5 gxf3 34. Rf1 f2 35. Rxf2 Qg5+ 36. Kc2 Kh7 37. Nxe6 Nxe6 38. Qxe6 Ne7 39. Qe4+ Kg8 40. Rb8+ Bf8 41. Rbxf8+ 1-0